Catálogo
 En Linea

El plan de marketing. (Registro nro. 45544)

Detalles MARC
000 -CABECERA
campo de control de longitud fija 00304nam a2200121 a 4500
001 - NÚMERO DE CONTROL
campo de control 000046055
005 - FECHA Y HORA DE LA ÚLTIMA TRANSACCIÓN
campo de control 20201002052616.0
008 - DATOS DE LONGITUD FIJA--INFORMACIÓN GENERAL
campo de control de longitud fija 150616s1900 000 spa d
040 ## - FUENTE DE LA CATALOGACIÓN
Centro catalogador/agencia de origen DO-SdBNP
Lengua de catalogación spa
Centro/agencia transcriptor BNPHU
245 #3 - MENCIÓN DE TÍTULO
Título El plan de marketing.
260 ## - PUBLICACIÓN, DISTRIBUCIÓN, ETC.
Lugar de publicación, distribución, etc. Santo Domingo,
Fecha de publicación, distribución, etc. 1900?
300 ## - DESCRIPCIÓN FÍSICA
Extensión s. l. ;
Dimensiones 22 cm.
Existencias
Estado de retiro Estado de pérdida Restricciones de uso No para préstamo Código de colección Localización permanente Ubicación/localización actual Ubicación en estantería Fecha de adquisición Número de inventario Total de préstamos Signatura topográfica completa Código de barras Fecha visto por última vez Precio válido a partir de Tipo de ítem Koha
      Excluido de préstamo Monografías: Libros y Folletos Patrimonio Dominicano Patrimonio Dominicano Depósito 16.06.2015 LF1   46055-10 25.06.2020 25.06.2020 No se presta

Con tecnología Koha